01537nac a22003611u 4500003000900000005001700009008004100026020001600067040004300083082002100126100006100147245015200208250004100360264003800401300003000439336002600469337002800495338002700523650005900550650004700609650004400656650004300700650003900743650003600782653002800818655003400846655002200880655003500902856006800937942002501005999001501030952013001045EG-ScBUE20211117100553.0100919s1990 nyu f 000 1 eng d a0679722769  aEG-ScBUEbengerdacEG-ScBUEdEG-ScBUE04a823.912bJOY2221 aJoyce, James,‏ d1882-1941,eauthor.91949810aUlysses /cJames Joyce ; with a foreword by Morris L. Ernst and the decision of the United States District Court rendered by judge John M. Woolsey. aFirst Vintage international edition. 1aNew York :bVintage Books,c1990. axvii, 783 pages ;c21 cm. 2rdacontentatextbtxt 2rdamediaaunmediatedbn 2rdacarrieravolumebnc 7aAlienation (Social psychology)vFiction.2BUEsh919499 7aCity and town lifevFiction.2BUEsh919500 7aMale friendshipvFiction.2BUEsh919501 7aMarried peoplevFiction.2BUEsh919502 7aJewish menvFiction.2BUEsh919503 7aArtistsvFiction.2BUEsh919504 bHHUUEENNcNovember2021  7aPsychological fiction.933706 7aDomestic fiction. 7aEpic literature.vReading book423Publisher descriptionuhttp://www.loc.gov/catdir/description/ra cBBk823.912 JOY2ddc c1844d1844 00104070aMAINbMAINc2NDd2006-12-18ePurchasel1o823.912 JOYp000002473r2025-07-15 00:00:00s2018-05-20w2006-12-18yBB